Colour in the Name Music Quiz - Statistics

General Stats
  • This quiz has been taken 274 times
  • The average score is 10 of 16
Answer Stats
Clue Answer % Correct
Famous Beatles song which was turned into a musical Yellow Submarine
92%
English rock band who created the fourth best selling album of all time Pink Floyd
87%
Dookie, American Idiot, Nimrod Green Day
83%
Californication Red Hot Chili Peppers
81%
Song, and album by Prince Purple Rain
78%
Band who wrote famous sporting anthem 7 Nation Army The White Stripes
77%
Perhaps Amy Winehouse's best album, featuring Rehab Back To Black
75%
Band that Adam Levine is the frontman of Maroon 5
71%
Biggest song of Van Morrison Brown Eyed Girl
56%
Song by the Rolling Stones, inspired by Indian music Paint It Black
56%
Band known for Smoke on the Water Deep Purple
55%
Known as the "Godfather of Soul" James Brown
53%
Catchy song, released by the British rock band ELO in 1977 Mr. Blue Sky
40%
Alternative name for Weezer's self titled album Blue Album
39%
English progressive rock band known for 21st Century Schizoid Man King Crimson
20%
Hit by R.E.M on their Green album Orange Crush
19%
No matching quizzes found
Score Distribution
Percent of People with Each Score
Percentile by Number Answered
Your Score History
You have not taken this quiz